Las implicaciones de la globalización económica y la internacionalización del estado en las mujeres /

Guardat en:
Dades bibliogràfiques
Autor principal: Frade Rubio, Laura (autor)
Format: Llibre
Idioma:espanyol
Publicat: Morelia, México : Morevallado, 2001, c2001
Matèries:
Etiquetes: Afegir etiqueta
Sense etiquetes, Sigues el primer a etiquetar aquest registre!

MARC

LEADER 00000nam^a2200000^a^4500
001 000174031
005 20250521000000.0
009 20260310101515.225
020 |a 970-703-061-5 
037 |a Acervo ITESO - Biblioteca 
041 |a ESP 
082 |a 305. 42  |b FRA 
100 |a Frade Rubio, Laura  |e (autor) 
245 1 4 |a Las implicaciones de la globalización económica y la internacionalización del estado en las mujeres /  |c L. Frade Rubio. 
264 4 |a Morelia, México :  |b Morevallado,  |c 2001, c2001 
300 |a 183 p. 
336 |a texto  |b txt  |2 rdacontenido 
337 |a sin mediación  |b n  |2 rdamedio 
338 |a volumen  |b nc  |2 rdasoporte 
610 |a Banco Mundial 
610 |a Fondo Monetario Internacional 
649 |a XX 
650 |a Política de Género 
650 |a Feminismo 
650 |a Identidad de Género 
650 |a Género 
650 |a Estado, El 
650 |a Globalización 
650 |a Apertura Comercial e Integración Económica 
650 |a Organizaciones Internacionales 
650 |a Estabilidad Económica 
650 |a Política Económica 
650 |a Economía Internacional 
650 |a Economía 
650 |a Política 
650 |a Sociología 
910 |a Fondo General 
920 |a Impresos - Libros 
930 |a Colección General 
905 |a 101 
901 |a 0500111815  |b IT1  |c ACC  |u 20250521 
902 |a https://opac.biblio.iteso.mx/vufind/Record/000174031